Half-open windows / (Record no. 150967)

MARC details
000 -LEADER
fixed length control field 00557nam a22001937a 4500
005 - DATE AND TIME OF LATEST TRANSACTION
control field 20230705155429.0
010 ## - LCCN (DPL NO)
LC control number ENG-122601 ENG-137291
020 ## - INTERNATIONAL STANDARD BOOK NUMBER
International Standard Book Number 9789386338358
Terms of availability 299.00
035 ## - SYSTEM CONTROL NUMBER
System control number EN-106133 EN-120823
037 ## - SOURCE OF ACQUISITION
Source of stock number/acquisition DBAD/PUB
082 ## - DEWEY DECIMAL CLASSIFICATION NUMBER
Classification number N
245 ## - TITLE STATEMENT
Title Half-open windows /
Statement of responsibility, etc By Ganesh Matkari and jerry Pinto
260 ## - PUBLICATION, DISTRIBUTION, ETC. (IMPRINT)
Date of publication, distribution, etc 2017
Place of publication, distribution, etc New Delhi
Name of publisher, distributor, etc Speaking Tiger Publishing
270 ## - ADDRESS
Address 483/4,Ansari Road,Daryaganj,
City New Delhi
Postal code 110002
300 ## - PHYSICAL DESCRIPTION
Dimensions 21cm(pbk)
Extent 194p.
650 ## - SUBJECT ADDED ENTRY--TOPICAL TERM
Topical term or geographic name as entry element fiction
700 ## - ADDED ENTRY--PERSONAL NAME
Personal name Pinto,Jerry
942 ## - ADDED ENTRY ELEMENTS (KOHA)
Item type English Books
Source of classification or shelving scheme Dewey Decimal Classification
Call number suffix HAL
Classification part N
Holdings
Withdrawn status Lost status Not for loan Collection code Home library Current library Date acquired Source of acquisition Cost, normal purchase price Full call number Barcode Copy number Cost, replacement price Koha item type
      Non-fiction Bawana Bawana 05/07/2023 DBAD/PUB 299.00 N HAL EN-120823 1 299.00 English Books
      Fiction Shahdara Branch Shahdara Branch 10/04/2018 DBAD/PUB 299.00 N HAL EN-106133 1 299.00 English Books

© Delhi Public Library
Hit Counter
free hit counter